Preparation of aluminum hydroxide gel by AC electrolysis; Inorganic Materials; Vol. 38, № 9

Dettagli Bibliografici
Parent link:Inorganic Materials
Vol. 38, № 9.— 2002.— P. 914-916
Altri autori: Korobochkin V. V. Valery Vasilievich, Kosintsev V. I. Victor Ivanovich, Bystritskii L. D., Kovalevskii E. P.
Riassunto:Aluminum hydroxide gel was prepared by ac (50 Hz) electrolysis in various electrolytes. The process parameters were optimized so as to raise the oxidation rate of aluminum. The phase changes caused by air calcination of the initially amorphous material were followed by x-ray diffraction and differential thermal analysis
В фонде НТБ ТПУ отсутствует
Lingua:inglese
Pubblicazione: 2002
Soggetti:
Natura: MixedMaterials Capitolo di libro
KOHA link:https://koha.lib.tpu.ru/cgi-bin/koha/opac-detail.pl?biblionumber=599618

MARC

LEADER 00000naa0a2200000 4500
001 599618
005 20250410110012.0
035 |a (RuTPU)RU\TPU\tpu\23722 
035 |a RU\TPU\tpu\23377 
090 |a 599618 
100 |a 20130927d2002 k||y0rusy50 ba 
101 0 |a eng 
102 |a US 
200 1 |a Preparation of aluminum hydroxide gel by AC electrolysis  |f V. V. Korobochkin [et al.] 
330 |a Aluminum hydroxide gel was prepared by ac (50 Hz) electrolysis in various electrolytes. The process parameters were optimized so as to raise the oxidation rate of aluminum. The phase changes caused by air calcination of the initially amorphous material were followed by x-ray diffraction and differential thermal analysis 
333 |a В фонде НТБ ТПУ отсутствует 
461 |t Inorganic Materials 
463 |t Vol. 38, № 9  |v P. 914-916  |d 2002 
610 1 |a труды учёных ТПУ 
701 1 |a Korobochkin  |b V. V.  |c Chemical Engineer  |c Head of the Department of Tomsk Polytechnic University, Doctor of technical sciences  |f 1951-  |g Valery Vasilievich  |3 (RuTPU)RU\TPU\pers\31050 
701 1 |a Kosintsev  |b V. I.  |c Chemical Engineer  |c consulting professor, Doctor of technical sciences  |f 1939-  |g Victor Ivanovich  |3 (RuTPU)RU\TPU\pers\31066 
701 1 |a Bystritskii  |b L. D. 
701 1 |a Kovalevskii  |b E. P. 
801 1 |a RU  |b 63413507  |c 20110727 
801 2 |a RU  |b 63413507  |c 20130927  |g RCR 
942 |c CR